00445nam a2200157Ia 4500008004100000020001800041082001500059100001700074245003500091250000800126260003900134300002400173500001900197600002100216650005000237240925s9999 xx 000 0 und d a9789351070528 a006.66 RAI aRaikar, M.M. 0aComputer Graphics Using OpenGL a1st aNew Delhi:bFirewall Mediac,2014. a410p.bNAfOriginal aIncludes Index aComputer Science aComputer science, information & general works